Sports Quiz

Random Sports or Football Quiz

Int. Football Rivalry XIs: England vs. Germany Quiz Stats

 Plays Quiz not verified by Sporcle

Score 0/120 Timer 12:00
0 Plays Today
% Correct
Manuel Neuer
96.1%
Manuel Neuer
96.1%
Joe Hart
95.7%
Joe Hart
95.7%
Frank Lampard
91.6%
Steven Gerrard
91.4%
Steven Gerrard
91.4%
Wayne Rooney
90.8%
Wayne Rooney
90.8%
Philipp Lahm
90.3%
John Terry
90.1%
John Terry
90.1%
Mats Hummels
89.7%
Mats Hummels
89.7%
Harry Kane
89.7%
Jérôme Boateng
89.1%
Jérôme Boateng
89.1%
Gary Cahill
88.1%
Gary Cahill
88.1%
Thomas Müller
87.9%
Thomas Müller
87.9%
Mesut Özil
87.5%
Mesut Özil
87.5%
Joachim Löw
86.5%
Joachim Löw
86.5%
Joachim Löw
86.5%
Joachim Löw
86.5%
Joachim Löw
86.5%
Ashley Cole
84.4%
Ashley Cole
84.4%
Kyle Walker
84.2%
Kyle Walker
84.2%
Miroslav Klose
83.4%
Miroslav Klose
83.4%
Bastian Schweinsteiger
81.1%
Bastian Schweinsteiger
81.1%
Dele Alli
80.5%
Dele Alli
80.5%
Toni Kroos
78.6%
Toni Kroos
78.6%
% Correct
Toni Kroos
78.6%
Mario Gómez
78.4%
Mario Gómez
78.4%
Sami Khedira
77%
Sami Khedira
77%
Gareth Southgate
75.8%
Jordan Henderson
75.2%
Jamie Vardy
74.5%
Danny Rose
74.5%
Lukas Podolski
74.1%
Lukas Podolski
74.1%
Jermain Defoe
73.7%
Jermain Defoe
73.7%
David James
73.3%
David James
73.3%
Eric Dier
73.1%
Eric Dier
73.1%
Chris Smalling
72.9%
Chris Smalling
72.9%
Chris Smalling
72.9%
Roy Hodgson
72.1%
Roy Hodgson
72.1%
Marc-André ter Stegen
71.5%
Per Mertesacker
71.3%
Mario Götze
71.3%
Per Mertesacker
71.3%
Per Mertesacker
71.3%
Jermaine Jones
70.2%
Marco Reus
68.6%
Marco Reus
68.6%
Glen Johnson
67.8%
Glen Johnson
67.8%
Adam Lallana
66.3%
Adam Lallana
66.3%
Adam Lallana
66.3%
Fabio Capello
64.9%
Fabio Capello
64.9%
Daniel Sturridge
64.3%
James Milner
63.4%
Jack Butland
62%
% Correct
Joshua Kimmich
60%
Nathaniel Clyne
58.3%
Gareth Barry
58.1%
Gareth Barry
58.1%
Phil Jagielka
57.1%
Michael Carrick
55%
Danny Welbeck
51.7%
Matthew Upson
48%
Matthew Upson
48%
Jonas Hector
47.6%
Jonas Hector
47.6%
Ryan Bertrand
45.2%
Timo Werner
42.3%
Sven Bender
37.6%
Lars Bender
37.6%
Leroy Sané
33.7%
Marcel Schmelzer
33.1%
Wayne Bridge
32.6%
Arne Friedrich
31.8%
René Adler
31.8%
Arne Friedrich
31.8%
Michael Keane
31.6%
Emre Can
31.4%
Jake Livermore
30.2%
Shaun Wright-Phillips
30%
Antonio Rüdiger
29.8%
Antonio Rüdiger
29.8%
Stewart Downing
29.4%
Roman Weidenfeller
26.5%
Tom Cleverley
24%
Julian Weigl
21.1%
Julian Brandt
16.8%
Andros Townsend
16.6%
Piotr Trochowski
12.5%
Gabriel Agbonlahor
11.9%
Heiko Westermann
11.5%
Heiko Westermann
11.5%
Max Kruse
11.3%
Simon Rolfes
7.8%
Marvin Compper
4.1%

You're not logged in!

Compare scores with friends on all Sporcle quizzes.
Join for Free
OR
Log In

You Might Also Like...

Show Comments

Extras

Top Quizzes Today


Score Distribution

Your Account Isn't Verified!

In order to create a playlist on Sporcle, you need to verify the email address you used during registration. Go to your Sporcle Settings to finish the process.

Report this User

Report this user for behavior that violates our Community Guidelines.

Details: